000 00433nam a2200133Ia 4500
008 220217s9999 xx 000 0 und d
245 0 _aConducting and antistatic rubbers- Measurement of resistivity
260 _aSwitzerland
260 _c1975
_bInternational Organization for Standards
490 _aRubebr and rubber products
500 _aStandard number: ISO 1853. Ed 1
650 _aRubber-conducting, antistatic
942 _cST
999 _c74054
_d74054